000 01223cam a2200337 i 4500
001 18159082
003 SISC
005 20161005105523.0
008 140521s2015 njua b 001 0 eng
010 _a 2014020072
020 _a9780321968975 (hardcover : alk. paper)
020 _a0321968972 (hardcover : alk. paper)
040 _aDLC
_beng
_cDLC
_erda
_dDLC
042 _apcc
050 0 0 _aQA 76.774.F74
_b.M35 2015
082 0 0 _a005.4/32
100 1 _aMcKusick, Marshall Kirk.
245 1 4 _aThe design and implementation of the FreeBSD operating system /
_cMarshall Kirk McKusick, George V. Neville-Neil, Robert N. M. Watson.
250 _a2nd edition.
260 _aBoston :
_bAddison-Wesley,
_c2015.
300 _axxx, 886 pages :
_billustrations ;
_c25 cm
500 _aIncludes bibliographical references and index.
630 0 0 _aFreeBSD.
650 0 _aFree computer software.
650 0 _aOperating systems (Computers)
700 1 _aNeville-Neil, George V.
700 1 _aWatson, Robert N. M.
906 _a7
_bcbc
_corignew
_d1
_eecip
_f20
_gy-gencatlg
942 _2lcc
_cBK
999 _c305150
_d305150